000
00371nam a2200145Ia 4500
008
231129s1974||||xx |||||||||||||| ||spa||
020
_a
84-02-03468-3
040
_b
spa
082
_a
153.1 L865c
100
_a
Lorayne Harry
245
0
_a
Cómo adquirir una supermemoria
260
_c
1974
264
_a
Bruguera
942
_2
ddc
_c
BKS
999
_c
7439
_d
7439